1309 1640 1344 1531 1749 1173 1595 1217 1997 1447 1208 1938 1973 1348 1452 1173 1192 1651 1323 1163 1082 1045 1310 1160 1456 1010 1176 1738 1701 1649 1955 1915 1636 1682 1748 1031 1181 1508 1340 1798 1275 1460 1756 1601 1284 1610 1071 1385 1090 1666 1913 1668 1775 1585 1845 1911 1190 1572 1568 1403 1422 1091 1538 1200 1544 1466 1565 1549 1310 1454 1516 1276 1735 1653 1020 1155 1069 1936 1724 1235 1003 1723 1835 1907 1406 1301 1726 1629 1425 1764 1337 1889 1166 1014 1961 1156 1951 1531 1151 BCNSPRNW ULIB Ver.6.0+V

เปลี่ยนเป็นภาษาไทย

Change to English
 แสดงรายละเอียดบรรณานุกรม
  กลับหน้าหลัก

Brief Record : Get Marc (ISO 2709) : E-mail record : QR code < ปิดหน้าต่าง
LEADER : 00000nam 2200000uu 4500
001    13399110383
003     ULIB
008    110429s2548||||th 000 0 tha d
020    974994061X
060  4 WO100^bว548 2548
245 00 เวชศาสตร์ร่วมสมัย 2548 :^bExtreme surgery /^cรัฐพลี ภาคอรรถ,บรรณาธิการ
246 30 Extreme surgery
250    พิมพ์ครั้งที่ 1
260    กรุงเทพฯ :^bโรงพิมพ์แห่งจุฬาลงกรณ์มหาวิทยาลัย,^c2548
300    124 หน้า :^bภาพประกอบ ;^c26 ซม
500    "การประชุมวิชาการประจำปี ครั้งที่ 46 และการอบรมระยะสั้นคณะแพทยศาสตร์ จุฬาลงกรณ์มหาวิทยาลัย และโรงพยาบาลจุฬาลงกรณ์ วันที่ 20-24 มิถุนายน 2548"--หน้าปก
500    "การอบรมระยะสั้นของภาควิชาศัลยศาสตร์"--หน้าปก
504    เอกสารอ้างอิงท้ายบท
650  2 Surgery^xcongresses
700 0  รัฐพลี ภาคอรรถ,^eบรรณาธิการ
710 2  จุฬาลงกรณ์มหาวิทยาลัย.^bคณะแพทยศาสตร์.^bภาควิชาศัลยศาสตร์
945    ^p0^l0^i018000
995    ทศพร
999 ^a ใช้งานได้ทุกระบบ
รายการนี้ยังไม่มีแท็ก
คุณยังไม่ได้ล็อกอิน คุณสามารถมีกิจกรรมร่วมกับเว็บไซต์ได้ แต่ต้องล็อกอินก่อน ::
  ล็อกอิน

รายการสื่อสารสนเทศ

ลำดับที่ ประเภท เลขเรียก/บาร์โค้ด สถานที่ สถานะ
1. วิทยาศาสตร์การแพทย์ และสุขภาพ
วิทยาศาสตร์การแพทย์ และสุขภาพ
สถานะ=หนังสือเก่า
WO100 ว548 2548 ฉ.1 
  Barcode: 018000
ห้องสมุดวิทยาเขตสวรรค์ประชารักษ์
►ส่วนจัดเก็บหนังสือเก่า สปร
บนชั้น
  ขอยืม

BibComment


ยังไม่เคยถูกคอมเมนท์

คอมเมนท์ทรัพยากรรายการนี้
  คอมเมนท์: เวชศาสตร์ร่วมสมัย..


 Copyright 2026. Bcnsprnw @Library